| 000 | 00000nam##2200000za#4500 |
| 001 | 9.634044 |
| 003 | CaOODSP |
| 005 | 20220224110941 |
| 007 | cr ||||||||||| |
| 008 | 150407|2007||||xxc|||||o f|0| 0 fre|d |
| 020 | |a978-0-662-09094-6 |
| 040 | |aCaOODSP|bfre |
| 043 | |an-cn--- |
| 086 | 1 |aFo4-8/2005-1F-PDF |
| 110 | 2 |aConseil canadien des ministres des forêts. |
| 245 | 10|aCritères et indicateurs de l'aménagement forestier durable au Canada : |h[ressource électronique]|bprincipaux résultats et tendances 2005 |
| 260 | |aOttawa - Ontario : |bConseil canadien des ministres des forêt |cc2007. |
| 300 | |a12p.|bfigures, graphiques, cartes, tableaux, photographies |
| 590 | |a12-17-Supp|b2012-04-20 |
| 691 | 07|aGestion forestière|2gcpds |
| 775 | 08|tCriteria and indicators of sustainable forest management in Canada : |w(CaOODSP)9.689646 |
| 856 | 40|ahttp://publications.gc.ca|qPDF|s1.32 Mo|uhttps://publications.gc.ca/collections/collection_2012/rncan-nrcan/Fo4-8-2005-1-fra.pdf |